MARC

LEADER 00000nam0a2200000 4500
001 165000
005 20231031161611.0
035 |a (RuTPU)RU\TPU\book\178997 
090 |a 165000 
100 |a 20090912d1947 m y0rusy50 ca 
101 0 |a rus 
102 |a RU 
105 |a a z 000zy 
200 1 |a Физика атомного ядра  |f В. Гейзенберг 
210 |a Москва  |c Гостехиздат  |d 1947  |a Ленинград 
215 |a 171 с.  |c ил. 
610 1 |a атомное ядро 
610 1 |a физика 
610 1 |a молекулы 
610 1 |a атомы 
610 1 |a радиоактивность 
610 1 |a ядерные силы 
610 1 |a ядерные процессы 
610 1 |a ядерная физика 
610 1 |a применение 
675 |a 539  |v 3 
700 1 |a Гейзенберг  |b В. 
801 1 |a RU  |b 63413507  |c 20090912 
801 2 |a RU  |b 63413507  |c 20130617  |g RCR 
942 |c BK